000 01321nam0a2200313 4500
001 RU\NLR\bibl\1196762
005 20260405154402.0
010 _a978-5-699-25000-4
_94000
021 _aRU
_b2008-788
_941
035 _a(NLR Aleph) 001183284
090 _a1671015
_c1671015
100 _a20080304d2007 |||y0rusy50 ca
101 1 _arus
_ceng
102 _aRU
105 _ab |||||||||
200 1 _aКровавый рыцарь
_e[фантастический роман]
_fГрег Киз
_g[пер. с англ. В. Гольдича, И. Оганесовой
_gкарты выполнены Ириной Жмайловой и Юлией Каташинской]
210 _aМосква
_cЭксмо
_aСанкт-Петербург
_cДомино
_d2007
215 _a618, [2] с.
_cкарт.
_d22
225 1 _aКороли Fantasy
_fсост. Александр Жикаренцев
225 1 _aКоролевства костей и терний
320 _aДр. кн. авт.: с. 1
700 1 _4070
_8rus
_7ca
_aКиз
_bГ.
_f1963-
_gГрегори
_3RU\NLR\auth\7765335
_948264
702 1 _aЖмайлова
_bИ.
_gИрина
_4440
702 1 _aКаташинская
_bЮ.
_gЮлия
_4440
801 0 _aRU
_bNLR
_c20080304
_gRCR
801 1 _aRU
_bNLR
_c20080304
942 _cBOOK
980 _aNB